Manual de referencia / Herbet Schildt (Registro nro. 3648)

Detalles MARC
000 -LEADER
fixed length control field 00464nam a22001931a 4500
001 - CONTROL NUMBER
control field 3648
003 - CONTROL NUMBER IDENTIFIER
control field OSt
005 - DATE AND TIME OF LATEST TRANSACTION
control field 20260204211858.0
008 - FIXED-LENGTH DATA ELEMENTS--GENERAL INFORMATION
fixed length control field 050117s2001||||sp ||||||b||||||||||spa||
020 ## - NUMERO DE LIBRO INTERNACIONAL NORMALIZADO
International Standard Book Number 84481228958
050 ## - LIBRARY OF CONGRESS CALL NUMBER
Classification number 005.13 S33c
082 ## - DEWEY DECIMAL CLASSIFICATION NUMBER
Classification number 005.13 S33c
100 ## - ASIENTO PRINCIPAL -- NOMBRE PERSONAL
Personal name Schild, Herbert
245 ## - TÍTULO PROPIAMENTE DICHO: SUBTÍTULO
Title Manual de referencia / Herbet Schildt
250 ## - MENCIÓN DE EDICIÓN
Edition statement 4
264 ## - PRODUCTION, PUBLICATION, DISTRIBUTION, MANUFACTURE, AND COPYRIGHT NOTICE
Place of production, publication, distribution, manufacture España : McGraw-Hill
650 ## - ASIENTO SECUNDARIO DE MATERIA -- TERMINO TEMÁTICO
Termino Temático Como Elemento de Entrada 1.Lenguaje de ProgramaciónÌ
942 ## - ADDED ENTRY ELEMENTS (KOHA)
Source of classification or shelving scheme Dewey Decimal Classification
Koha item type Libros
Existencias
Withdrawn status Lost status Source of classification or shelving scheme Damaged status Not for loan Current library Date acquired Total Checkouts Full call number Barcode Date last seen Price effective from Koha item type
    Dewey Decimal Classification     Biblioteca UTECO 09/09/2019   005.13 S33C 008197 09/09/2019 09/09/2019 Libros
© 2021 Derechos Reservados UTECO - Teléfono: +1 809-585-2291 - Correo electrónico: biblioteca@uteco.edu.do​  
Código postal 43000 ​​
Dirección: Avenida Universitaria No. 100, 
Cotuí, Provincia Sánchez Ramírez, República Dominicana - RNC: 404-00059-6